000 00874nam a22002897a 4500
001 000327
003 DO-SdBNP
005 20240422100504.0
007 000327
008 160627b2005 sp || 00| 0 spa d
020 _a8420428760
040 _aBPMSU
_bspa
_cBPMSU
082 4 _a863.6
_bR558m 2005
_222
100 1 _aRiera, Carme,
_c1948-
245 1 0 _aLa mitad del alma /
_cCarme Riera ; traducción, Carme Riera.
250 _a2ª ed.
260 _a[Madrid] :
_bAlfaguara,
_c2005
300 _a218 p. ;
_c23 cm
500 _aIncluye datos biográficos de la autora en la solapa de la cubierta.
534 _pTìtulo origienal :
_tLa meitat de l'ànima.
590 _aInventariado, 2024/VM
650 4 _aNovela española
650 4 _aDesaparición de personas
650 4 _aIdentidad
_vNovela
910 _aVMateo V. Control de calidad. BPMSU
942 _2ddc
_cBK
999 _c10606
_d10606